000 00401nam a2200169Ia 4500
005 20240823015056.0
008 240823s9999||||xx |||||||||||||| ||und||
082 _A620.11 N3
100 _aKumar A
245 0 _aMaterial Science and Process
250 _a3rd
260 _c1993
_b"Asian Pub,Delhi"
500 _aYES
650 _aMechanical Material
_bMechanical
942 _cBK
999 _c171581
_d171581